Introduction to Management Accounting / (Record no. 4129)
[ view plain ]
| 000 -LEADER | |
|---|---|
| fixed length control field | 02400cac a22003611u 4500 |
| 008 - FIXED-LENGTH DATA ELEMENTS--GENERAL INFORMATION | |
| fixed length control field | 090113s2005|nju|r 0|r 001 001 0 eng |
| 010 ## - LIBRARY OF CONGRESS CONTROL NUMBER | |
| LC control number | 2003069027 |
| 020 ## - INTERNATIONAL STANDARD BOOK NUMBER | |
| International Standard Book Number | 0131273078 |
| 035 ## - SYSTEM CONTROL NUMBER | |
| System control number | (OCoLC)ocm53926690 |
| 082 00 - DEWEY DECIMAL CLASSIFICATION NUMBER | |
| Classification number | 658.1511 |
| Item number | HOR |
| 100 ## - MAIN ENTRY--PERSONAL NAME | |
| Personal name | Horngren, Charles T., |
| 9 (RLIN) | 17547 |
| 245 10 - TITLE STATEMENT | |
| Title | Introduction to Management Accounting / |
| Statement of responsibility, etc | Charles T. Horngren, Gary L. Sundem, William O. Stratton. |
| 250 ## - EDITION STATEMENT | |
| Edition statement | 14th ed. |
| 260 ## - PUBLICATION, DISTRIBUTION, ETC. (IMPRINT) | |
| Place of publication, distribution, etc | Upper Saddle River, N.J. : |
| Name of publisher, distributor, etc | Pearson Prentice Hall, |
| Date of publication, distribution, etc | c2005. |
| 300 ## - PHYSICAL DESCRIPTION | |
| Extent | xix, 824, [22] p. : |
| Other physical details | col. ill. ; |
| Dimensions | 29 cm. |
| 440 #0 - | |
| -- | 17548 |
| 490 ## - Series Statement | |
| -- | 12379 |
| Series statement | Charles T. Horngren series in accounting |
| 500 ## - GENERAL NOTE | |
| General note | include index |
| 504 ## - BIBLIOGRAPHY, ETC. NOTE | |
| Bibliography, etc | Includes bibliographical references and index. |
| 650 #0 - SUBJECT ADDED ENTRY--TOPICAL TERM | |
| Topical term or geographic name as entry element | Managerial accounting. |
| 9 (RLIN) | 17549 |
| 700 1# - ADDED ENTRY--PERSONAL NAME | |
| Personal name | Sundem, Gary L. |
| 9 (RLIN) | 17550 |
| 700 1# - ADDED ENTRY--PERSONAL NAME | |
| Personal name | Stratton, William O. |
| 9 (RLIN) | 17551 |
| 942 ## - ADDED ENTRY ELEMENTS (KOHA) | |
| Item type | Book - Borrowing |
| Call number prefix | 658.1511 HOR |
| Source of classification or shelving scheme | Dewey Decimal Classification |
| Withdrawn status | Item status | Source of classification or shelving scheme | Materials specified (bound volume or other part) | Damaged status | Not for loan | Vendor | Home library | Current library | Shelving location | Date acquired | Source of acquisition | Cost, normal purchase price | Total Checkouts | Total Renewals | Full call number | Barcode | Date last seen | Date last borrowed | Cost, replacement price | Koha item type | Checked out |
|---|---|---|---|---|---|---|---|---|---|---|---|---|---|---|---|---|---|---|---|---|---|
| Dewey Decimal Classification | BOX01 | Damaged | Central Library | Central Library | First floor | 22/08/2007 | 160.00 | 8 | 1 | 658.1511 HOR | 000000102 | 24/08/2016 | 13/04/2010 | 200.00 | Book - Borrowing | ||||||
| Dewey Decimal Classification | Central Library | Central Library | First floor | 22/08/2010 | 4 | 658.1511 HOR | 000000092 | 15/07/2025 | 01/04/2018 | Book - Borrowing | |||||||||||
| Dewey Decimal Classification | Central Library | Central Library | First floor | 22/08/2007 | Purchase | 10 | 4 | 658.1511 HOR | 000005440 | 15/07/2025 | 02/04/2018 | Book - Borrowing | |||||||||
| Dewey Decimal Classification | Central Library | Central Library | First floor | 22/08/2010 | 6 | 658.1511 HOR | 000006197 | 15/07/2025 | Book - Borrowing | ||||||||||||
| Central Library | Central Library | First floor | 07/10/2010 | Purchase | 4 | 658.1511 HOR | 000006199 | 17/08/2008 | 17/08/2008 | Book - Borrowing | 31/08/2008 | ||||||||||
| Dewey Decimal Classification | Central Library | Central Library | First floor | 22/08/2010 | 5 | 658.1511 HOR | 000006194 | 15/07/2025 | 22/03/2011 | Book - Borrowing | |||||||||||
| Dewey Decimal Classification | Central Library | Central Library | First floor | 07/10/2010 | Purchase | 5 | 12 | 658.1511 HOR | 000006200 | 15/07/2025 | 20/10/2014 | Book - Borrowing | |||||||||
| Dewey Decimal Classification | Central Library | Central Library | First floor | 07/10/2010 | Purchase | 6 | 1 | 658.1511 HOR | 000006190 | 15/07/2025 | 04/05/2010 | Book - Borrowing | |||||||||
| Dewey Decimal Classification | Central Library | Central Library | First floor | 13/01/2009 | Purchase | 4 | 2 | 658.1511 HOR | 000006198 | 15/07/2025 | 04/05/2010 | Book - Borrowing |